LIBRARY & INFORMATION CENTRE, KCAET, TAVANUR

ONLINE PUBLIC ACCESS CATALOGUE (OPAC)

CAT 2025: | Data Interpretation & Logical Reasoning (Record no. 19522)

MARC details
000 -LEADER
fixed length control field 00392nam a22001457a 4500
003 - CONTROL NUMBER IDENTIFIER
control field OSt
008 - FIXED-LENGTH DATA ELEMENTS--GENERAL INFORMATION
fixed length control field 250916b |||||||| |||| 00| 0 eng d
020 ## - INTERNATIONAL STANDARD BOOK NUMBER
ISBN 9 789356 813991
041 ## - LANGUAGE CODE
Language code of text/sound track or separate title eng
082 ## - DEWEY DECIMAL CLASSIFICATION NUMBER
Classification number 658.0076
Item number PUR/CA
100 ## - MAIN ENTRY--AUTHOR NAME
Personal name Puri, Gautam
245 ## - TITLE STATEMENT
Title CAT 2025:
Remainder of title Data Interpretation & Logical Reasoning
260 ## - PUBLICATION, DISTRIBUTION, ETC. (IMPRINT)
Place of publication Faridabad:
Name of publisher GK Publications (P) Ltd,
Year of publication 2025.
942 ## - ADDED ENTRY ELEMENTS (KOHA)
Koha item type Books
Holdings
Withdrawn status Lost status Damaged status Home library Current library Shelving location Date acquired Full call number Accession Number Koha item type
      KAUAET KAUAET General Stacks 16/09/2025 658.0076 PUR/CA 26334 Books
free website counter